Znalosť je sila

Iniciatíva Lean & Green neziskovej organizácie Connekt. Dôležité miesto stratégie Lean & Green k dosiahnutiu konkurencieschopnosti a zisku. Výzva pre odvetvie logistiky. Program Speed Docking. Trendy, ktoré budú mať vplyv na udržateľnú logistiku. Efektívne riadenie dopravných tokov v mestách. Holand...

Description complète

Enregistré dans:
Détails bibliographiques
Auteur principal: Břeň, Stanislav D.
Autres auteurs: Anten, Nico
Format: Chapitre de livre
Langue:slovaque
Sujets:
Tags: Ajouter un tag
Pas de tags, Soyez le premier à ajouter un tag!

MARC

LEADER 00000naa a2200000 4500
001 0247068
005 20180821092050.1
041 0 |a slo 
044 |a CZ 
245 1 0 |a Znalosť je sila  |c Stanislav D. Břeň, Nico Anten 
520 |a Iniciatíva Lean & Green neziskovej organizácie Connekt. Dôležité miesto stratégie Lean & Green k dosiahnutiu konkurencieschopnosti a zisku. Výzva pre odvetvie logistiky. Program Speed Docking. Trendy, ktoré budú mať vplyv na udržateľnú logistiku. Efektívne riadenie dopravných tokov v mestách. Holandsko vnímané ako vedúca krajina, ktorá prináša inovácie do logistiky. 
610 2 0 |a logistika 
610 2 0 |a ochrana prostredia životného 
610 2 0 |a emisie 
610 2 0 |a rozvoj trvalo udržateľný 
610 2 0 |a efektívnosť 
610 2 0 |a mestá 
610 2 0 |a technológie informačné 
610 2 0 |a technológie komunikačné 
610 2 0 |a Holandsko 
100 1 |a Břeň, Stanislav D. 
700 1 |a Anten, Nico